All Cod Countries - Statistics

General Stats
  • This quiz has been taken 12 times
  • The average score is 39 of 66
Answer Stats
Answer % Correct
United States
100%
Brazil
90%
Canada
90%
Germany
90%
Russia
90%
Spain
90%
Afghanistan
80%
Algeria
80%
Belgium
80%
China
80%
France
80%
Japan
80%
Mexico
80%
Syria
80%
United Kingdom
80%
Azerbaijan
70%
Chile
70%
Cuba
70%
Egypt
70%
Greece
70%
Iran
70%
Iraq
70%
Israel
70%
Netherlands
70%
Pakistan
70%
Poland
70%
South Korea
70%
Ukraine
70%
Venezuela
70%
Vietnam
70%
Angola
60%
Colombia
60%
India
60%
Italy
60%
Kazakhstan
60%
Nigeria
60%
South Africa
60%
Yemen
60%
Cambodia
50%
Czechia
50%
Georgia
50%
Kuwait
50%
Laos
50%
Libya
50%
Norway
50%
Romania
50%
Saudi Arabia
50%
Sierra Leone
50%
Somalia
50%
Turkey
50%
Bulgaria
40%
Ethiopia
40%
Haiti
40%
Hungary
40%
Nicaragua
40%
Soviet Union
40%
Switzerland
40%
Thailand
40%
United arab emirates
40%
Uzbekistan
40%
Hong Kong
30%
Myanmar
30%
Singapore
30%
Palau
10%
Papua New guinea
10%
Urzikstan
10%
No matching quizzes found
Score Distribution
Percent of People with Each Score
Percentile by Number Answered
Your Score History
You have not taken this quiz